000 00314 a2200145 4500
001 45593
020 _a8570263449
040 _cAnchieta - Aquarius
240 1 0 _aEnciclopédia Barsa
_lpor
245 1 0 _aEnciclopédia Barsa
300 _a512
362 0 _a1994
650 4 _aEspanholas e portuguesas
942 _cBK
999 _c45593
_d45593